ARRUPE JESUIT UNIVERSITY

CORONAVIRUS -STOP THE SPREAD - CLEAN,DISINFECT,COVER

Christian warfare in Rhodesia-Zimbabwe : (Record no. 129695)

MARC details
000 -LEADER
fixed length control field 03867cam a22005057i 4500
001 - CONTROL NUMBER
control field 19166898
003 - CONTROL NUMBER IDENTIFIER
control field ARRUPE
005 - DATE AND TIME OF LATEST TRANSACTION
control field 20190814114212.0
008 - FIXED-LENGTH DATA ELEMENTS--GENERAL INFORMATION
fixed length control field 160707t20152015enka b 001 0 eng d
010 ## - LIBRARY OF CONGRESS CONTROL NUMBER
LC control number 2016417570
020 ## - INTERNATIONAL STANDARD BOOK NUMBER
International Standard Book Number 9780718894115
020 ## - INTERNATIONAL STANDARD BOOK NUMBER
International Standard Book Number 0718894111
035 ## - SYSTEM CONTROL NUMBER
System control number (OCoLC)ocn939946650
040 ## - CATALOGING SOURCE
Original cataloging agency JBT
Language of cataloging eng
Transcribing agency JBT
Description conventions rda
Modifying agency BTCTA
-- STF
-- OCLCF
-- YDXCP
-- DLC
042 ## - AUTHENTICATION CODE
Authentication code lccopycat
043 ## - GEOGRAPHIC AREA CODE
Geographic area code f-mw---
-- f-rh---
-- f-za---
050 00 - LIBRARY OF CONGRESS CALL NUMBER
Classification number BX9715.
Item number M87 2015
300 ## - PHYSICAL DESCRIPTION
Other physical details illustrations ;
Dimensions 23 cm.
100 1# - MAIN ENTRY--PERSONAL NAME
Personal name Murdoch, Norman H.,
Relator term author.
9 (RLIN) 47792
245 10 - TITLE STATEMENT
Title Christian warfare in Rhodesia-Zimbabwe :
Remainder of title the Salvation Army and African Liberation, 1891-1991 /
Statement of responsibility, etc Norman H. Murdoch ; foreword by N.M. Bhebe.
260 ## - PUBLICATION, DISTRIBUTION, ETC. (IMPRINT)
Place of publication, distribution, etc Eugene, Oregon
Name of publisher, distributor, etc Pickwick Publications
Date of publication, distribution, etc 2015
300 ## - PHYSICAL DESCRIPTION
Extent xxxi, 215 p. :
500 ## - GENERAL NOTE
General note Edited by Harold Hill.
504 ## - BIBLIOGRAPHY, ETC. NOTE
Bibliography, etc Includes bibliographical references (pages 203-208) and index.
505 00 - FORMATTED CONTENTS NOTE
Title Christian and cultural warfare in Rhodesia/Zimbabwe, 1890-1990 --
-- The Salvation Army invades Mashonaland, 1891-95 --
-- The first Chimurenga (1896-97) and the death of Captain Cass --
-- Rhodes and Booth : "wholesale salvation," 1901-8 --
-- Father and son in 1908: "My dear general" - "My dear Chief" --
-- The Salvation Army and the Rhodesian State, 1908-65 --
-- Colonial, conciliar, and communist forces collide, 1950s and1960s --
-- Paying the piper, calling the tune : a Salvation Army power shift, 1970-78 --
-- Conciliar movement and the Salvation Army, 1970-78 --
-- The program to combat racism and the Salvation Army reaction, 1969-78 --
-- The 1978 deaths at Usher Institute --
-- Salvation Army reaction to the Usher Killings, 1978-83 --
-- African Salvationists react to the Salvation Army's withdrawal from the World Council of Churches, 1981 --
-- Conclusions.
520 ## - SUMMARY, ETC.
Summary, etc Christian Warfare in Rhodesia-Zimbabwe takes a hard look at the history of the Salvation Army in Rhodesia-Zimbabwe and its evolving relationship with both the government and the rest of the church. Norman H. Murdoch examines in-depth the parallels between the events of the First Chimurenga, an uprising against European occupation in 1896-97, and the Second Chimurenga in the 1970s, the civil war that led to majority rule. At the time of the first, the Salvation Army was barely established in the country; by the second, it was fully entrenched in the ruling class. Murdoch explores the collaboration of this Christian mission with the institutions of white rule and the painful process of disentanglement necessary by the late twentieth century. Stories of martyrdom and colonial mythology are set in the carefully researched context of ecumenical relations and the Salvation Army's largely unknown and seldom accessible internal politics.--Page 4 of cover.
610 20 - SUBJECT ADDED ENTRY--CORPORATE NAME
Corporate name or jurisdiction name as entry element Salvation Army
Geographic subdivision Rhodesia and Nyasaland
General subdivision History.
9 (RLIN) 47793
610 20 - SUBJECT ADDED ENTRY--CORPORATE NAME
Corporate name or jurisdiction name as entry element Salvation Army
Geographic subdivision Zimbabwe
General subdivision History.
9 (RLIN) 47794
610 27 - SUBJECT ADDED ENTRY--CORPORATE NAME
Corporate name or jurisdiction name as entry element Salvation Army.
Source of heading or term fast
9 (RLIN) 47795
650 #0 - SUBJECT ADDED ENTRY--TOPICAL TERM
Topical term or geographic name as entry element Christianity and politics
Geographic subdivision Rhodesia and Nyasaland.
9 (RLIN) 47796
650 #0 - SUBJECT ADDED ENTRY--TOPICAL TERM
Topical term or geographic name as entry element Christianity and politics
Geographic subdivision Zimbabwe.
9 (RLIN) 47797
650 #7 - SUBJECT ADDED ENTRY--TOPICAL TERM
Topical term or geographic name as entry element Christianity and politics.
Source of heading or term fast
9 (RLIN) 47798
651 #0 - SUBJECT ADDED ENTRY--GEOGRAPHIC NAME
Geographic name Rhodesia and Nyasaland
General subdivision History.
9 (RLIN) 47799
651 #0 - SUBJECT ADDED ENTRY--GEOGRAPHIC NAME
Geographic name Zimbabwe
General subdivision History.
9 (RLIN) 9704
651 #7 - SUBJECT ADDED ENTRY--GEOGRAPHIC NAME
Geographic name Africa
Geographic subdivision Rhodesia and Nyasaland.
Source of heading or term fast
9 (RLIN) 47800
651 #7 - SUBJECT ADDED ENTRY--GEOGRAPHIC NAME
Geographic name Zimbabwe.
Source of heading or term fast
9 (RLIN) 9210
655 #7 - INDEX TERM--GENRE/FORM
Genre/form data or focus term History.
Source of term fast
9 (RLIN) 12337
700 1# - ADDED ENTRY--PERSONAL NAME
Personal name Hill, Harold
Fuller form of name (Harold Ivor Winston),
Relator term editor.
9 (RLIN) 47801
700 1# - ADDED ENTRY--PERSONAL NAME
Personal name Bhebe, Ngwabi Mulunge,
Relator term writer of foreword.
9 (RLIN) 47802
906 ## - LOCAL DATA ELEMENT F, LDF (RLIN)
a 7
b cbc
c copycat
d 3
e ncip
f 20
g y-gencatlg
942 ## - ADDED ENTRY ELEMENTS (KOHA)
Source of classification or shelving scheme Library of Congress Classification
Koha item type Monograph ( Printed materials)
Holdings
Withdrawn status Lost status Source of classification or shelving scheme Damaged status Not for loan Collection code Home library Current library Shelving location Date acquired Total Checkouts Full call number Barcode Date last seen Date checked out Price effective from Koha item type
    Library of Congress Classification     Main Collection ARRUPE LIBRARY ARRUPE LIBRARY Main Collection 14/08/2019 1 BX9715. M87 2015 46600005022 02/03/2020 07/02/2020 14/08/2019 Monograph ( Printed materials)

 

Arrupe Library. PO Box MP320 Mt Pleasant, Harare, Zimbabwe
263 242 745411|librarian@aju.ac.zw